000 01283nam a2200349 a 4500
001 000114539
003 CHAP
005 20220329144445.0
008 180302s2017 mx sm |||||||spa d
010 _a111000
011 _a111972
040 _cCHAP
090 _aTesis
100 1 _aCaballero Arroyo, Fidel
_9134653
245 1 0 _aControl biológico de colletatrichum gloeosparioides en frutos de aguacate
_h[En línea]
_cpor Fidel Caballero Arroyo.
260 _aChapingo, Méx. :
_bEl autor,
_c2017.
500 _aPara ver el contenido del material haga clic en la liga
502 _aTesis (Ing. Agr. Esp. en Parasitología Agrícola) -- UACH. Departamento de Parasitología Agrícola
590 _aBATCH
_b00
_c20181121
_lUCH01
_h0759
590 _aE6339RRR
_b05
_c20180302
_lUCH01
_h0900
590 _aE6339RRR
_b05
_c20180302
_lUCH01
_h0900
590 _aE6339RRR
_b05
_c20180302
_lUCH01
_h0901
650 1 4 _aAguacate
_xCalidad.
_92495
650 1 4 _aAguacate
_xEnfermedades por hongos.
_92511
650 1 4 _aColletotrichum gloeosporioides
_xControl.
_9133990
650 1 4 _aFertilizantes
_xEfecto en aguacate.
_940472
856 _a1
_n0001077
856 _aFinding aid
_uhttp://10.13.5.2/tesis/sist114539.pdf
_zTeclea aquí
901 _aBK
942 _cLIBRO
942 _n0
999 _c111000
_d111000